header

The Summer Vacation from the Black Lagoon (Record no. 260986)

MARC details
000 -LEADER
fixed length control field 00258nam a22001097a 4500
020 ## - INTERNATIONAL STANDARD BOOK NUMBER
ISBN 9780545072243
100 ## - MAIN ENTRY--AUTHOR NAME
Personal name Mike Thaler
245 ## - TITLE STATEMENT
Title The Summer Vacation from the Black Lagoon
260 ## - PUBLICATION, DISTRIBUTION, ETC. (IMPRINT)
Place of publication New York
Name of publisher Scholastic
Year of publication 2010
300 ## - PHYSICAL DESCRIPTION
Number of Pages 62 pgs
942 ## - ADDED ENTRY ELEMENTS (KOHA)
Koha item type Long Loan Books
Holdings
Withdrawn status Lost status Collection code Home library Current library Shelving location Date acquired Accession Number Koha item type
    Fiction Rongo University Library Rongo University Library Children's Area 26/10/2023 CL20222380 Long Loan Books

© 2026 Rongo University
Contact us: librarian | system librarian | Rongo university